000 00566nam a2200169Ia 4500
008 090201s9999 xx 000 0 und d
010 _aKPL-51107
040 _bमराठी
041 _aमराठी
082 _a18750
_b51107
100 _aके. वि. बेलसरे
245 _aभगवंताचे अनुसंधान
_cके. वि. बेलसरे
260 _c2004
_bत्रिदल प्रकाशन
300 _a125
_bमोठा
600 _aभगवंताचे अनुसंधान
942 _cBOOK
999 _c218597
_d218597